00828nam a22002415a 450000500170000000800410001701000140005802000280007202000240010003500130012403700130013704000080015008200110015810000190016924500920018826000450028027000620032530000400038750000500042765000280047765000530050565100280055820090713065637.0090709s2009 wau 000 0 eng  aENG-95835 a9780198064381c2450.00  a0198064381c2450.00 aEN-79368 bDBAD/PUB aDPL a954.41 aDossal, Mariam aTheatre of conflict, city of hope :cby Mariam DossalbMumbai : 1660 to present times / aNew DelhibOxford University Pressc2010 aYMCA Library Building, Jai Singh road bNew Delhie110001 axxxv, 252p.bll., mapsc28 cm. (Hb) aIncludes bibliographical references and index aLand usezIndiazBombay aCities and townszIndiazBombayxGrowthxHistory aBombay (India)xHistory